000
00287nam a22001097a 4500
008
230703b xxu||||| |||| 00| 0 eng d
082
_a
342.06
_b
KIA 1974
245
_a
Civil Service Laws in East Africa
260
_b
East African Literature Bureau
_c
1974
300
_a
127p
942
_2
ddc
_c
BK
999
_c
3535
_d
3535